<?xml version="1.0" encoding="UTF-8"?>
<collection xmlns:xsi="http://www.w3.org/2001/XMLSchema-instance" xsi:schemaLocation="http://www.loc.gov/MARC21/slim http://www.loc.gov/standards/marcxml/schema/MARC21slim.xsd" xmlns="http://www.loc.gov/MARC21/slim">
 <record>
  <leader>00000cam a22000004i 4500</leader>
  <controlfield tag="001">UP-99796217612087060</controlfield>
  <controlfield tag="003">Buklod</controlfield>
  <controlfield tag="005">20160523104950.0</controlfield>
  <controlfield tag="006">m     o  j        </controlfield>
  <controlfield tag="007">ta</controlfield>
  <controlfield tag="008">150313s2015    mdu     rb   |001 0|eng d</controlfield>
  <datafield tag="020" ind1=" " ind2=" ">
   <subfield code="a">9781442238541 (pbk. : alk. paper)</subfield>
  </datafield>
  <datafield tag="035" ind1=" " ind2=" ">
   <subfield code="a">(iLib)UPD-00254220061</subfield>
  </datafield>
  <datafield tag="040" ind1=" " ind2=" ">
   <subfield code="a">DLC</subfield>
   <subfield code="d">DLS</subfield>
   <subfield code="e">rda</subfield>
  </datafield>
  <datafield tag="041" ind1=" " ind2=" ">
   <subfield code="a">eng</subfield>
  </datafield>
  <datafield tag="042" ind1=" " ind2=" ">
   <subfield code="a">DMLUC</subfield>
  </datafield>
  <datafield tag="090" ind1=" " ind2=" ">
   <subfield code="a">CD 973 A77</subfield>
   <subfield code="b">A67 2015</subfield>
  </datafield>
  <datafield tag="245" ind1="0" ind2="0">
   <subfield code="a">Appraisal and acquisition</subfield>
   <subfield code="b">innovative practices for archives and special collections</subfield>
   <subfield code="c">edited by Kate Theimer.</subfield>
  </datafield>
  <datafield tag="264" ind1=" " ind2="1">
   <subfield code="a">Lanham</subfield>
   <subfield code="b">Rowman &amp; Littlefield</subfield>
   <subfield code="c">2015.</subfield>
  </datafield>
  <datafield tag="300" ind1=" " ind2=" ">
   <subfield code="a">xii, 185 pages</subfield>
   <subfield code="b">illustrations</subfield>
   <subfield code="c">24 cm.</subfield>
  </datafield>
  <datafield tag="336" ind1=" " ind2=" ">
   <subfield code="a">text</subfield>
   <subfield code="2">rdacontent</subfield>
  </datafield>
  <datafield tag="337" ind1=" " ind2=" ">
   <subfield code="a">unmediated</subfield>
   <subfield code="2">rdamedia</subfield>
  </datafield>
  <datafield tag="338" ind1=" " ind2=" ">
   <subfield code="a">volume</subfield>
   <subfield code="2">rdacarrier</subfield>
  </datafield>
  <datafield tag="490" ind1="0" ind2=" ">
   <subfield code="a">Innovative practices for archives and special collections</subfield>
  </datafield>
  <datafield tag="504" ind1=" " ind2=" ">
   <subfield code="a">Includes bibliographical references and index.</subfield>
  </datafield>
  <datafield tag="505" ind1="0" ind2=" ">
   <subfield code="a">&quot;No fame required&quot;: collaboration, community, and the Georgia LGBTQ Archives Project / Morna Gerrard, Georgia State University -- Placed out: providing a home for the records of the Children's Aid Society and the orphan trains / Maurita Baldock, New-York Historical Society -- &quot;I really can't wait to archive this exchange&quot;: exploring processing as appraisal in the Tim Kaine eMail Project / Benjamin S. Bromley, Roger Christman, and Susan Gray Eakin Page, Library of Virginia -- Hardware for softpoems: appraisal and acquisition of vintage computer equipment / Will Hansen and Matthew Farrell, Duke University -- From projects to policy: the evolution of a systematic reappraisal program / Tina Lloyd, Library and Archives Canada -- Terabytes from far-off lands: acquiring records of the Ford Foundation International Fellowships Program / Jane Gorjevsky and Dina Sokolova, Columbia University -- So much to do, so little time: prioritizing to acquire significant university records / Laura Uglean Jackson, University of Wyoming -- The Studio Theatre Archives: staging an embedded appraisal / Leahkim A. Gannett, Vincent J. Novara, Kelly J. Smith, and Mary Crauderueff, University of Maryland -- Making the bulb want to change: implementing an active electronic records appraisal and acquisition program / Brad Houston, University of Wisconsin-Milwaukee -- Weaving the web of influence: maximizing archival appraisal and acquisition through the use of &quot;spider advocates&quot; / Shelley Sweeney, University of Manitoba -- Reappraisal and deaccessioning: building for the future by removing some of the past / James Gerencser, Dickinson College -- Tap into history: the birth of the Oregon Hops and Brewing Archives / Tiah Edmunson-Morton, Oregon State University.</subfield>
  </datafield>
  <datafield tag="650" ind1=" " ind2="0">
   <subfield code="a">Appraisal of archival materials.</subfield>
  </datafield>
  <datafield tag="650" ind1=" " ind2="0">
   <subfield code="a">Archives</subfield>
   <subfield code="x">Acquisitions.</subfield>
  </datafield>
  <datafield tag="650" ind1=" " ind2="0">
   <subfield code="a">Libraries</subfield>
   <subfield code="x">Special collections.</subfield>
  </datafield>
  <datafield tag="700" ind1="1" ind2=" ">
   <subfield code="a">Theimer, Kate</subfield>
   <subfield code="d">1966-</subfield>
   <subfield code="e">editor.</subfield>
  </datafield>
  <datafield tag="905" ind1=" " ind2=" ">
   <subfield code="a">FO</subfield>
  </datafield>
  <datafield tag="852" ind1="0" ind2=" ">
   <subfield code="a">UPD</subfield>
   <subfield code="b">DLS</subfield>
   <subfield code="h">CD 973 A77</subfield>
   <subfield code="i">A67 2015</subfield>
  </datafield>
  <datafield tag="942" ind1=" " ind2=" ">
   <subfield code="a">Book</subfield>
  </datafield>
 </record>
</collection>
